Statistics for Dragon Ball Z Name the Saiyans

Click here to take the quiz!

General Stats

  • This quiz has been taken 999 times
  • The average score is 12 of 17

Answer Stats

HintAnswer% Correct
Half SaiyanGohan
100%
SaiyanGoku
100%
SaiyanVegeta
100%
Half SaiyanGoten
99%
Half SaiyanTrunks
99%
SaiyanBardock
92%
Quarter SaiyanPan
89%
SaiyanBroly
81%
SaiyanNappa
79%
SaiyanRaditz
79%
SaiyanKing Vegeta
73%
SaiyanTurles
56%
SaiyanGine
41%
SaiyanTarble
40%
SaiyanCabba
31%
Part SaiyanCell
28%
Part SaiyanCell Jr
18%

Score Distribution

Percentile by Number Answered

Percent of People with Each Score

Your Score History

You have not taken this quiz